All-Time Olympic Games Medal Table - Statistics

General Stats
  • This quiz has been taken 400 times
    67 since last reset
  • The average score is 110 of 162
Answer Stats
Answer G S B Total % Correct
3 China 330 262 227 819
100%
1 United States 1231 1012 885 3128
100%
6 France 289 328 360 977
96%
10 Japan 211 198 233 642
96%
5 Great Britain 313 345 361 1019
94%
8 Norway 231 199 188 618
94%
27 Spain 55 77 63 195
94%
36 United Team of Germany 36 60 41 137
94%
4 Germany 326 327 328 981
92%
18 South Korea 145 134 130 409
92%
2 Soviet Union 473 376 355 1204
92%
17 Finland 146 151 189 486
90%
15 Netherlands 173 168 182 523
90%
68 Portugal 6 11 15 32
90%
9 Sweden 224 238 247 709
90%
13 Australia 191 201 233 625
88%
31 Belgium 49 59 68 176
88%
7 Italy 281 250 298 829
88%
91 Olympic Athletes from Russia 2 6 9 17
88%
23 Poland 80 103 152 335
88%
12 Russia 192 164 184 540
88%
99 Russian Empire 1 4 3 8
88%
43 Russian Olympic Committee 25 40 38 103
88%
16 Canada 162 196 241 599
86%
60 India 10 10 21 41
86%
55 Mexico 13 27 37 77
86%
32 Brazil 41 49 81 171
84%
47 Croatia 20 21 19 60
84%
40 Jamaica 27 39 28 94
84%
39 South Africa 28 36 31 95
84%
45 Argentina 22 27 31 80
82%
20 Austria 98 132 140 370
82%
22 Cuba 86 70 88 244
82%
37 Greece 36 46 47 129
82%
14 Hungary 189 163 188 540
82%
109 Panama 1 1 2 4
82%
67 Algeria 7 4 9 20
80%
26 Bulgaria 58 91 90 239
80%
71 Colombia 5 16 17 38
80%
62 Egypt 9 12 20 41
80%
41 Iran 27 29 32 88
80%
51 Ireland 15 10 17 42
80%
25 New Zealand 65 44 57 166
80%
21 Romania 93 101 124 318
80%
65 Morocco 8 5 13 26
78%
101 Peru 1 3 1 5
78%
92 Serbia and Montenegro 2 4 3 9
78%
19 Switzerland 123 137 145 405
78%
82 Venezuela 3 7 9 19
78%
81 Chile 3 8 4 15
76%
30 Denmark 50 82 84 216
76%
59 Indonesia 10 14 16 40
76%
74 Israel 4 6 10 20
76%
136 Niger 0 1 1 2
76%
50 North Korea 16 19 28 63
76%
33 Ukraine 41 43 76 160
76%
109 Costa Rica 1 1 2 4
75%
54 Estonia 14 12 19 45
75%
153 Iraq 0 0 1 1
75%
49 Kazakhstan 17 28 42 87
75%
69 Lithuania 6 9 15 30
75%
52 Slovenia 16 19 24 59
75%
34 Turkey 41 29 41 111
75%
95 Uruguay 2 2 6 10
75%
42 Yugoslavia 26 32 29 87
75%
150 Albania 0 0 2 2
73%
75 Dominican Republic 4 5 6 15
73%
76 Ecuador 4 4 2 10
73%
93 Luxembourg 2 3 0 5
73%
80 Nigeria 3 11 13 27
73%
78 Pakistan 4 3 4 11
73%
53 Slovakia 14 19 10 43
73%
101 Vietnam 1 3 1 5
73%
63 Chinese Taipei 9 11 23 43
71%
125 Iceland 0 2 2 4
71%
72 Latvia 5 15 13 33
71%
64 Serbia 9 8 11 28
71%
58 Thailand 11 11 19 41
71%
83 Trinidad and Tobago 3 5 11 19
71%
70 Tunisia 6 4 8 18
71%
46 Belarus 21 37 47 105
69%
38 Czech Republic 34 35 42 111
69%
120 Dominica 1 0 0 1
69%
44 Ethiopia 24 16 22 62
69%
136 North Macedonia 0 1 1 2
69%
90 Armenia 2 11 9 22
67%
61 Azerbaijan 9 16 31 56
67%
66 Bahamas 8 2 6 16
67%
56 Georgia 13 16 19 48
67%
35 Kenya 39 44 41 124
67%
122 Kyrgyzstan 0 5 8 13
67%
124 Moldova 0 3 7 10
67%
139 Paraguay 0 1 0 1
67%
84 Philippines 3 5 10 18
67%
109 Syria 1 1 2 4
67%
139 Turkmenistan 0 1 0 1
67%
48 Uzbekistan 19 8 23 50
67%
150 Afghanistan 0 0 2 2
65%
107 Cote d'Ivoire 1 1 3 5
65%
128 Cyprus 0 2 0 2
65%
11 East Germany 192 165 162 519
65%
98 Fiji 2 1 1 4
65%
136 Haiti 0 1 1 2
65%
121 Malaysia 0 8 7 15
65%
113 Saint Lucia 1 1 0 2
65%
125 Saudi Arabia 0 2 2 4
65%
139 Senegal 0 1 0 1
65%
153 Togo 0 0 1 1
65%
79 Bahrain 4 3 1 8
63%
104 Botswana 1 2 1 4
63%
87 Cameroon 3 1 2 6
63%
131 Ghana 0 1 4 5
63%
112 Guatemala 1 1 1 3
63%
88 Kosovo 3 1 1 5
63%
89 Mongolia 2 12 17 31
63%
97 Qatar 2 2 5 9
63%
139 Sudan 0 1 0 1
63%
106 Tajikistan 1 1 5 7
63%
115 United Arab Emirates 1 0 1 2
63%
86 Zimbabwe 3 4 1 8
63%
29 Czechoslovakia 51 57 60 168
61%
107 Grenada 1 1 3 5
61%
149 Kuwait 0 0 3 3
61%
103 Singapore 1 2 3 6
61%
24 West Germany 67 82 94 243
61%
153 Barbados 0 0 1 1
59%
125 Lebanon 0 2 2 4
59%
139 Montenegro 0 1 0 1
59%
115 Suriname 1 0 1 2
59%
139 Tonga 0 1 0 1
59%
73 Uganda 5 5 3 13
59%
153 Guyana 0 0 1 1
57%
104 Jordan 1 2 1 4
57%
133 Zambia 0 1 2 3
57%
153 Eritrea 0 0 1 1
55%
95 Liechtenstein 2 2 6 10
55%
115 Mozambique 1 0 1 2
55%
139 Samoa 0 1 0 1
55%
128 Tanzania 0 2 0 2
55%
123 Namibia 0 5 0 5
53%
133 San Marino 0 1 2 3
53%
132 Bohemia 0 1 3 4
49%
153 Cape Verde 0 0 1 1
47%
128 Sri Lanka 0 2 0 2
47%
113 Burundi 1 1 0 2
45%
153 Burkina Faso 0 0 1 1
43%
77 Hong Kong 4 3 6 13
43%
153 Mauritius 0 0 1 1
43%
115 Bermuda 1 0 1 2
41%
153 Djibouti 0 0 1 1
41%
139 Gabon 0 1 0 1
41%
94 Puerto Rico 2 2 8 12
41%
153 Refugee Olympic Team 0 0 1 1
31%
139 US Virgin Islands 0 1 0 1
31%
28 Unified Team 54 44 37 135
22%
139 Netherlands Antilles 0 1 0 1
20%
85 Australasia 3 4 5 12
18%
150 British West Indies 0 0 2 2
16%
57 Mixed team 12 6 8 26
10%
100 Individual Neutral Athletes 1 4 1 6
8%
115 Independent Olympic Athletes 1 0 1 2
6%
133 Independent Olympic Participants 0 1 2 3
4%
No matching quizzes found
Score Distribution
Percent of People with Each Score
Percentile by Number Answered
Your Score History
You have not taken this quiz since the last reset